00730nam a2200229 a 450000100060000000300080000600500170001400800410003103500190007204000420009104100080013308200290014110000490017024500260021926000430024530000320028850000350032050000310035565000320038665100380041865100440045645984BD-RjUL20211209054107.0160730s1937 enk 001 0 eng d a(BD-RjUL)46102 aDLCcYWMdYWMdOCLdEQOdBD-RjULbeng aeng a325.254099223bANI 19371 aAndrews, C. F.q(Charles Freer),d1871-1940.10aIndia and the Pacific aLondon :bG. Allen & Unwin, ltd,c1937 a3 p. β., [9]-224 p.c20 cm aAt head of title: C.F. Andrews a"First published in 1937." 0aEastern question (Far East) 0aIndiaxEmigration and immigration 0aGreat BritainxColoniesxRace relations